Countries that Start with S and End in A - Statistics

General Stats
  • This quiz has been taken 84 times
  • The average score is 9 of 11
Answer Stats
Hint Answer % Correct
Europe Slovenia
93%
Europe Slovakia
91%
Africa Somalia
87%
Europe Serbia
80%
Oceania Samoa
79%
Asia Syria
79%
North America Saint Lucia
74%
Africa South Africa
74%
Asia Saudi Arabia
71%
Asia South Korea
70%
Asia Sri Lanka
63%
No matching quizzes found
Score Distribution
Percent of People with Each Score
Percentile by Number Answered
Your Score History
You have not taken this quiz